• 首页
  • 本馆介绍
  • 公告通知
  • 最新文献
  • 馆藏检索
  • 电子资源
  • 读者导购
  • 参考咨询
  • 我的图书馆
  • 登录
  • 详细信息显示
  • 放入我的书架
  • 预约/预借图书
  • 作者相关作品
  • 分类相关作品
  • 丛书相关作品
  • 出版社相关作品

书目信息

  • 表格格式
  • 工作单格式
  • 卡片格式
题名:
中世纪经济社会史
    
 
作者: 汤普逊 , Thompson 著 ;耿淡如 译
分册: 上册  
出版信息: 北京   商务印书馆  1984
页数: 568页
开本: 20cm
丛书名: 汉译世界学术名著丛书
单 册:
中图分类: K13
科图分类:
主题词: 世界史--中世纪史
电子资源:
ISBN:
000 00773nam2 2200265 45
001 1251812248
005 20121007142502.70
010    @dCNY25.80
100    @a19951103d1984 em y0chiy0121 ea
101 1  @achi@ceng
102    @aCN@b110000
105    @ay z 000yy
200 10 @a中世纪经济社会史@e300~1300年@h上册@Azhong shi ji jing ji she hui shi@f(美)汤普逊(Thompson,J.W.)著@g耿淡如译
210    @a北京@c商务印书馆@d1984
215    @a568页@d20cm
225 2  @a汉译世界学术名著丛书
410  0 @120010@a汉译世界学术名著丛书
606    @a世界史@y中世纪史
690    @aK13@v3
701  1 @a汤普逊@bJ.W.@4著@Atang pu xun
701 A1 @aThompson@bJ.W.@4著
702  0 @a耿淡如@4译@Ageng dan ru
801  0 @aCN@bTSSF
801  2 @aCN@bNLC
905    @a10447@dK13@eJY6:1
    
    中世纪经济社会史:300~1300年.上册/(美)汤普逊(Thompson,J.W.)著/耿淡如译.-北京:商务印书馆,1984
    568页;20cm.-(汉译世界学术名著丛书)
    
    
    ISBN :CNY25.80
    
●
相关链接 在E读中查询图书 在五车中查询图书 在当当中查询图书 在豆瓣中查询图书


正题名:中世纪经济社会史     索取号:K13/JY6:1         预约/预借

序号 登录号 条形码 馆藏地/架位号 状态 备注
1 7831322   278313228   学院路分馆/ [索取号:K13/JY6:1] 在馆    
2 7831323   278313237   学院路分馆/ [索取号:K13/JY6:1] 在馆    
唐山师范学院图书馆 欢迎您!
大连网信软件有限公司© 版权所有